[Event "Tatry op"]
[Site "Tatranske Zruby"]
[Date "2016.10.01"]
[Round "9"]
[White "Platel, Alexandre"]
[Black "Pacher, Milan"]
[Result "0-1"]
[WhiteElo "2255"]
[BlackElo "2499"]
[PlyCount "54"]
[EventDate "2016.09.24"]
[EventType "swiss"]
[EventRounds "9"]
[EventCountry "SVK"]
[SourceTitle "CBM 174 Extra"]
[Source "ChessBase"]
[SourceDate "2016.10.10"]
[SourceVersion "1"]
[SourceVersionDate "2016.10.10"]
[SourceQuality "1"]

1. e4 c5 2. Nf3 e6 3. c3 Nf6 4. e5 Nd5 5. d4 cxd4 6. cxd4 b6 7. Nc3 Bb7 8. Bd3 d6 9. 0-0 Nd7 10. Ne4 dxe5 11. Nxe5 Nxe5 12. dxe5 Be7 13. Qa4+ Kf8 14. Rd1 h5 15. b3 h4 16. h3 Rh5 17. Bb2 a6 18. Rac1 Qe8 19. Qd4 Rd8 20. Bf1 Kg8 21. Nd6 Bxd6 22. exd6 f6 23. Ba3 Qg6 24. Qg4 Rg5 25. Qxe6+ Kh8 26. Rc4 Nf4 27. Qe7 Rxg2+ 0-1

[Event "Tatry op"]
[Site "Tatranske Zruby"]
[Date "2016.09.29"]
[Round "7"]
[White "Platel, Alexandre"]
[Black "Kula, Dominik"]
[Result "1-0"]
[WhiteElo "2255"]
[BlackElo "2138"]
[PlyCount "87"]
[EventDate "2016.09.24"]
[EventType "swiss"]
[EventRounds "9"]
[EventCountry "SVK"]
[SourceTitle "CBM 174 Extra"]
[Source "ChessBase"]
[SourceDate "2016.10.10"]
[SourceVersion "1"]
[SourceVersionDate "2016.10.10"]
[SourceQuality "1"]

1. e4 e5 2. Nf3 Nc6 3. d4 exd4 4. Nxd4 Bc5 5. Be3 Qf6 6. c3 Nge7 7. Bc4 Ne5 8. Be2 d5 9. 0-0 0-0 10. f4 Qh6 11. Qd2 Ng4 12. Bxg4 Bxg4 13. f5 Bxd4 14. cxd4 Qa6 15. Rf4 Be2 16. Nc3 Bd3 17. f6 Ng6 18. Nxd5 Nxf4 19. Bxf4 Bxe4 20. Ne7+ Kh8 21. Re1 Bg6 22. Nd5 Qc6 23. Be5 Qxd5 24. fxg7+ Kg8 25. gxf8Q+ Rxf8 26. Bf6 Qf5 27. Rf1 Qh5 28. Qf4 Re8 29. Qxc7 Qg4 30. Be5 Qe2 31. Qxb7 Qe3+ 32. Kh1 Qe2 33. Kg1 Qe3+ 34. Kh1 Qe2 35. Qf3 Qxb2 36. Qf6 Kf8 37. Re1 Qb5 38. Qg7+ Ke7 39. Qf6+ Kf8 40. Bd6+ Kg8 41. Rxe8+ Qxe8 42. Be5 Kf8 43. d5 Qb5 44. Qd8+ 1-0

[Event "Cappelle op 32nd"]
[Site "Cappelle la Grande"]
[Date "2016.02.15"]
[Round "3"]
[White "Bellahcene, Bilel"]
[Black "Platel, Alexandre"]
[Result "0-1"]
[WhiteElo "2476"]
[BlackElo "2257"]
[PlyCount "100"]
[EventDate "2016.02.13"]
[EventType "swiss"]
[EventRounds "9"]
[EventCountry "FRA"]
[SourceTitle "EXT 2017"]
[Source "ChessBase"]
[SourceDate "2016.10.25"]
[SourceVersion "1"]
[SourceVersionDate "2016.10.25"]
[SourceQuality "1"]

1. b3 Nf6 2. Bb2 c5 3. Bxf6 gxf6 4. c4 f5 5. Nc3 Bg7 6. g3 Nc6 7. Bg2 Qa5 8. Qc1 d6 9. e3 Bd7 10. Nge2 a6 11. a3 e6 12. 0-0 Rb8 13. Nf4 h5 14. h4 Ne5 15. Nce2 Bc6 16. Rb1 Be4 17. Bxe4 fxe4 18. Kg2 Qc7 19. Ng1 b5 20. cxb5 Rxb5 21. Qd1 Bf6 22. Nxh5 Be7 23. Nf4 Qb7 24. Qc2 Kd7 25. Nge2 f5 26. h5 Bf6 27. b4 Rb8 28. Nc3 Nd3 29. Nxb5 axb5 30. bxc5 dxc5 31. a4 b4 32. h6 Nxf4+ 33. exf4 Bd4 34. h7 Kd6 35. f3 exf3+ 36. Rxf3 Rh8 37. Rh1 Rxh7 38. Rxh7 Qxh7 39. Qc4 Qb7 40. a5 Qe4 41. a6 b3 42. a7 b2 43. Qa6+ Ke7 44. a8Q Qxa8 45. Qxa8 b1Q 46. Rf1 Qd3 47. Qf3 Qxd2+ 48. Kh3 Kf6 49. Qc6 Qe2 50. Qg2 Qh5# 0-1

[Event "Pula op 29th"]
[Site "Pula"]
[Date "2015.06.20"]
[Round "9"]
[White "Platel, Alexandre"]
[Black "Medak, Bojan"]
[Result "1/2-1/2"]
[WhiteElo "2232"]
[BlackElo "2396"]
[PlyCount "31"]
[EventDate "2015.06.13"]
[EventType "swiss"]
[EventRounds "9"]
[EventCountry "CRO"]
[SourceTitle "CBM 167 Extra"]
[Source "ChessBase"]
[SourceDate "2015.09.14"]
[SourceVersion "1"]
[SourceVersionDate "2015.09.14"]
[SourceQuality "1"]

1. e4 d6 2. d4 Nf6 3. Nc3 g6 4. Bg5 Bg7 5. Qd2 h6 6. Bh4 g5 7. Bg3 Nh5 8. 0-0-0 Nc6 9. Bb5 Bd7 10. Nge2 e6 11. Qe3 Qe7 12. d5 Na5 13. Qd3 Nxg3 14. Bxd7+ Qxd7 15. hxg3 b6 16. f4 1/2-1/2

[Event "Pula op 29th"]
[Site "Pula"]
[Date "2015.06.19"]
[Round "8"]
[White "Stocko, Josip"]
[Black "Platel, Alexandre"]
[Result "0-1"]
[WhiteElo "2343"]
[BlackElo "2232"]
[PlyCount "87"]
[EventDate "2015.06.13"]
[EventType "swiss"]
[EventRounds "9"]
[EventCountry "CRO"]
[SourceTitle "CBM 167 Extra"]
[Source "ChessBase"]
[SourceDate "2015.09.14"]
[SourceVersion "1"]
[SourceVersionDate "2015.09.14"]
[SourceQuality "1"]

1. e4 c6 2. d4 d5 3. e5 c5 4. dxc5 e6 5. Be3 Nh6 6. c3 Nf5 7. Bd4 Bd7 8. Nf3 Nc6 9. Na3 Nfxd4 10. cxd4 b6 11. Rc1 bxc5 12. dxc5 Qb8 13. Bb5 Nxe5 14. Bxd7+ Nxd7 15. Qa4 Kd8 16. Qa5+ Qc7 17. Qxc7+ Kxc7 18. Nb5+ Kd8 19. c6 Nc5 20. Ne5 Kc8 21. Nxf7 Nd3+ 22. Kd2 Nxc1 23. Nxh8 Nxa2 24. Ra1 Rb8 25. Nxa7+ Kc7 26. Rxa2 Bb4+ 27. Kd3 Rxh8 28. Nb5+ Kb6 29. Nd4 e5 30. Nc2 Bc5 31. b4 Bxf2 32. b5 Bc5 33. Ne3 Bxe3 34. Kxe3 Kxb5 35. Ra7 Kxc6 36. Rxg7 h5 37. Rg5 Kd6 38. Rg6+ Kc5 39. Rg5 e4 40. h4 Kc4 41. Rf5 Re8 42. Rxh5 d4+ 43. Ke2 Ra8 44. Rh7 0-1

[Event "Benidorm op U2300 13th"]
[Site "Benidorm"]
[Date "2014.12.07"]
[Round "10"]
[White "Platel, Alexandre"]
[Black "Jackson, Oliver A"]
[Result "1-0"]
[WhiteElo "2219"]
[BlackElo "2146"]
[PlyCount "57"]
[EventDate "2014.11.28"]
[EventType "swiss"]
[EventRounds "10"]
[EventCountry "ESP"]
[SourceTitle "CBM 163 Extra"]
[Source "ChessBase"]
[SourceDate "2014.12.23"]
[SourceVersion "1"]
[SourceVersionDate "2014.12.23"]
[SourceQuality "1"]

1. e4 c5 2. Nf3 e6 3. c3 Nf6 4. Bd3 Nc6 5. Bc2 d5 6. e5 Nd7 7. d4 Be7 8. 0-0 0-0 9. Re1 f6 10. exf6 Nxf6 11. Ng5 Qd6 12. Na3 Nd8 13. dxc5 Qxc5 14. Be3 Qc7 15. Nb5 Qd7 16. Qd3 e5 17. Nxh7 e4 18. Nxf8 Bxf8 19. Qe2 Nf7 20. Rad1 a6 21. Nd4 Ne5 22. Bf4 Bd6 23. Bg3 Qe8 24. f3 Nh5 25. Bb3 Nxg3 26. Bxd5+ Kh8 27. hxg3 Qg6 28. Bxe4 Qxg3 29. Qf2 1-0

[Event "Benidorm op U2300 13th"]
[Site "Benidorm"]
[Date "2014.12.04"]
[Round "7"]
[White "Schmidt, Ralf"]
[Black "Platel, Alexandre"]
[Result "1-0"]
[WhiteElo "2119"]
[BlackElo "2219"]
[PlyCount "51"]
[EventDate "2014.11.28"]
[EventType "swiss"]
[EventRounds "10"]
[EventCountry "ESP"]
[SourceTitle "CBM 163 Extra"]
[Source "ChessBase"]
[SourceDate "2014.12.23"]
[SourceVersion "1"]
[SourceVersionDate "2014.12.23"]
[SourceQuality "1"]

1. e4 c5 2. d3 Nc6 3. g3 d5 4. Nd2 Nf6 5. exd5 Qxd5 6. Ngf3 Nd4 7. Bg2 Bg4 8. 0-0 Qh5 9. c3 Nxf3+ 10. Nxf3 0-0-0 11. Be3 e5 12. h3 Bxf3 13. Bxf3 Qxh3 14. Qa4 Kb8 15. Rfd1 Qd7 16. Qc4 Qc7 17. a4 h5 18. b4 Ng4 19. Bxc5 Rc8 20. Rab1 f5 21. Qe6 e4 22. dxe4 Bxc5 23. bxc5 Qxc5 24. Rxb7+ Ka8 25. Rb2 Ne5 26. Qxe5 1-0

[Event "Pornic op"]
[Site "Pornic"]
[Date "2011.07.??"]
[Round "1"]
[White "Delorme, Alban"]
[Black "Platel, Alexandre"]
[Result "1-0"]
[WhiteElo "2288"]
[BlackElo "2243"]
[PlyCount "75"]
[EventDate "2011.07.??"]
[EventType "swiss"]
[EventRounds "6"]
[EventCountry "FRA"]
[SourceTitle "EXT 2012"]
[Source "ChessBase"]
[SourceDate "2011.11.24"]
[SourceVersion "1"]
[SourceVersionDate "2011.11.24"]
[SourceQuality "1"]

1. e4 e6 2. d4 d5 3. Nc3 Bb4 4. exd5 exd5 5. Bd3 Nf6 6. Bg5 h6 7. Bf4 0-0 8. Nge2 Re8 9. 0-0 Bd6 10. Qd2 Nc6 11. Rfe1 Nb4 12. Bxd6 cxd6 13. Nf4 Nxd3 14. Rxe8+ Qxe8 15. Qxd3 Be6 16. Re1 Qd7 17. Qb5 Rc8 18. Nxe6 Qxb5 19. Nxb5 fxe6 20. c3 a6 21. Nxd6 Rc6 22. Rxe6 Kh7 23. f3 b5 24. a3 a5 25. Kf2 Nd7 26. f4 Nf6 27. Ke3 Ne4 28. Rxe4 dxe4 29. Nxb5 Kg6 30. b4 axb4 31. axb4 Kf5 32. d5 Rb6 33. Nd4+ Kf6 34. Kxe4 Ra6 35. b5 Ra2 36. c4 Rxg2 37. b6 Rb2 38. Nb5 1-0

[Event "Cappelle op 27th"]
[Site "Cappelle la Grande"]
[Date "2011.02.26"]
[Round "1"]
[White "Platel, Alexandre"]
[Black "Wirig, Anthony"]
[Result "0-1"]
[WhiteElo "2240"]
[BlackElo "2466"]
[PlyCount "88"]
[EventDate "2011.02.26"]
[EventType "swiss"]
[EventRounds "9"]
[EventCountry "FRA"]
[SourceTitle "CBM 141 Extra"]
[Source "ChessBase"]
[SourceDate "2011.05.03"]
[SourceVersion "1"]
[SourceVersionDate "2011.05.03"]
[SourceQuality "1"]

1. e4 e6 2. d4 d5 3. Nc3 Bb4 4. Nge2 Nf6 5. Bd2 0-0 6. e5 Nfd7 7. Nf4 c5 8. a3 cxd4 9. axb4 dxc3 10. Bxc3 Nc6 11. b5 Ncxe5 12. Qd4 f6 13. Rxa7 Rxa7 14. Qxa7 Nf7 15. Be2 Re8 16. 0-0 Qc7 17. Nd3 e5 18. Rc1 Qb6 19. Qa5 d4 20. Bb4 Qxa5 21. Bxa5 Nd6 22. Bb4 Nxb5 23. Nc5 Nxc5 24. Bxb5 Bd7 25. Bc4+ Be6 26. Bxc5 Bxc4 27. f3 Rc8 28. Bb6 Rc6 29. Ba5 Bb3 30. c3 d3 31. c4 Bc2 32. Kf2 Rxc4 33. Ke3 Rh4 34. Rh1 Ra4 35. Bc3 Kf7 36. b4 Ke6 37. Ra1 b5 38. Rxa4 bxa4 39. Bb2 Kd5 40. Kd2 Kc4 41. Ba3 g6 42. g4 f5 43. gxf5 gxf5 44. h4 f4 0-1

[Event "Rennes op 3th"]
[Site "Rennes"]
[Date "2010.07.21"]
[Round "7"]
[White "Colin, Vincent"]
[Black "Platel, Alexandre"]
[Result "1-0"]
[WhiteElo "2425"]
[BlackElo "2237"]
[PlyCount "33"]
[EventDate "2010.07.17"]
[EventType "swiss"]
[EventRounds "9"]
[EventCountry "FRA"]
[SourceTitle "EXT 2011"]
[Source "ChessBase"]
[SourceDate "2010.11.26"]
[SourceVersion "1"]
[SourceVersionDate "2010.11.26"]
[SourceQuality "1"]

1. c4 e5 2. g3 f5 3. d4 d6 4. dxe5 dxe5 5. Qxd8+ Kxd8 6. Nf3 Nc6 7. Nc3 Bb4 8. Bd2 Be6 9. 0-0-0 e4 10. Nxe4 fxe4 11. Bxb4+ Ke8 12. Bc3 Nf6 13. Ng5 Bxc4 14. b3 Bf7 15. Bxf6 gxf6 16. Nxe4 Ke7 17. Bg2 1-0

[Event "Lille Luce op 1st"]
[Site "Lille"]
[Date "2010.04.04"]
[Round "2"]
[White "Platel, Alexandre"]
[Black "Abbasov, Farid"]
[Result "0-1"]
[WhiteElo "2216"]
[BlackElo "2549"]
[PlyCount "80"]
[EventDate "2010.04.03"]
[EventType "swiss"]
[EventRounds "9"]
[EventCountry "FRA"]
[SourceTitle "EXT 2011"]
[Source "ChessBase"]
[SourceDate "2010.11.26"]
[SourceVersion "1"]
[SourceVersionDate "2010.11.26"]
[SourceQuality "1"]

1. e4 g6 2. d4 Bg7 3. Nf3 d6 4. Nbd2 c5 5. c3 cxd4 6. cxd4 Nf6 7. Bd3 0-0 8. 0-0 Nc6 9. Nb3 Bg4 10. h3 Bxf3 11. Qxf3 Nd7 12. Be3 a5 13. a4 e5 14. dxe5 Ndxe5 15. Qe2 Nxd3 16. Qxd3 Bxb2 17. Rab1 Be5 18. Nd2 Qe7 19. Qb5 Rab8 20. Nc4 Bc3 21. Nb6 Bg7 22. Qd5 Rfe8 23. f3 Qe6 24. Nc4 Qxd5 25. exd5 Nb4 26. Ba7 Ra8 27. Nxd6 Red8 28. Bc5 b6 29. Bxb4 axb4 30. Nb5 Rxa4 31. d6 Bh6 32. Rfe1 Ra5 33. Re5 f6 34. Rd5 Be3+ 35. Kf1 Bc5 36. Nd4 Rxd6 37. Rxd6 Bxd6 38. Nc6 Rc5 39. Nd4 Rc4 40. Nb3 Rc3 0-1

[Event "FRA-ch Accession"]
[Site "Belfort"]
[Date "2010.??.??"]
[Round "7"]
[White "Platel, Alexandre"]
[Black "Nass, Emile"]
[Result "1/2-1/2"]
[WhiteElo "2237"]
[BlackElo "2248"]
[PlyCount "37"]
[EventDate "2010.08.09"]
[EventType "swiss"]
[EventRounds "11"]
[EventCountry "FRA"]
[SourceTitle "CBM 138 Extra"]
[Source "ChessBase"]
[SourceDate "2010.10.29"]
[SourceVersion "1"]
[SourceVersionDate "2010.10.29"]
[SourceQuality "1"]

1. e4 e6 2. d4 d5 3. Nc3 Nf6 4. e5 Nfd7 5. f4 c5 6. Nf3 a6 7. Be3 Qb6 8. Na4 Qa5+ 9. c3 cxd4 10. b4 Qc7 11. Qxd4 Nc6 12. Qd2 Be7 13. Bd3 b5 14. Nb2 f6 15. Nd4 Nxd4 16. cxd4 Nb6 17. 0-0 0-0 18. a4 Bd7 19. Rfc1 1/2-1/2

[Event "Bethune op-A"]
[Site "Bethune"]
[Date "2009.12.26"]
[Round "2"]
[White "Platel, Alexandre"]
[Black "Wirig, Anthony"]
[Result "1/2-1/2"]
[WhiteElo "2255"]
[BlackElo "2484"]
[PlyCount "55"]
[EventDate "2009.12.26"]
[EventType "swiss"]
[EventRounds "9"]
[EventCountry "FRA"]
[SourceTitle "EXT 2011"]
[Source "ChessBase"]
[SourceDate "2010.11.26"]
[SourceVersion "1"]
[SourceVersionDate "2010.11.26"]
[SourceQuality "1"]

1. e4 c5 2. Nf3 e6 3. c3 d5 4. exd5 Qxd5 5. d4 Nf6 6. Na3 Be7 7. Be3 Ng4 8. Bc4 Nxe3 9. fxe3 Qd8 10. 0-0 Nd7 11. d5 exd5 12. Qxd5 0-0 13. Rad1 Bf6 14. e4 Qe7 15. e5 Nb6 16. Qd3 Nxc4 17. Qxc4 Bg5 18. Nxg5 Qxg5 19. Qxc5 b6 20. Qf2 Be6 21. Rfe1 Rad8 22. Rd4 Bxa2 23. Nb5 Be6 24. Nxa7 Rxd4 25. cxd4 Qe7 26. Nb5 Qb4 27. Nc3 Qc4 28. Rd1 1/2-1/2

[Event "FRA-chT1 0910"]
[Site "France"]
[Date "2009.12.13"]
[Round "7.6"]
[White "Platel, Alexandre"]
[Black "Lamorelle, Julien"]
[Result "0-1"]
[WhiteElo "2255"]
[BlackElo "2221"]
[PlyCount "38"]
[EventDate "2009.09.27"]
[EventType "team-tourn"]
[EventRounds "11"]
[EventCountry "FRA"]
[SourceTitle "EXT 2011"]
[Source "ChessBase"]
[SourceDate "2010.11.26"]
[SourceVersion "1"]
[SourceVersionDate "2010.11.26"]
[SourceQuality "1"]

1. e4 c5 2. Nf3 e6 3. c3 Nf6 4. Bd3 Nc6 5. 0-0 d5 6. e5 Nd7 7. Re1 g5 8. h4 g4 9. Ng5 c4 10. Bc2 Ndxe5 11. d4 cxd3 12. Ba4 Qf6 13. Bxc6+ bxc6 14. Qa4 Bd7 15. Qd4 Bg7 16. Qb4 h6 17. Na3 Bf8 18. Qf4 Qxf4 19. Bxf4 Ng6 0-1

[Event "Le Touquet op-A 24th"]
[Site "Le Touquet"]
[Date "2009.10.29"]
[Round "8"]
[White "Platel, Alexandre"]
[Black "Roy Chowdhury, Saptarshi"]
[Result "0-1"]
[WhiteElo "2244"]
[BlackElo "2436"]
[PlyCount "100"]
[EventDate "2009.10.24"]
[EventType "swiss"]
[EventRounds "9"]
[EventCountry "FRA"]
[SourceTitle "EXT 2010"]
[Source "ChessBase"]
[SourceDate "2010.11.25"]
[SourceVersion "1"]
[SourceVersionDate "2010.11.25"]
[SourceQuality "1"]

1. e4 c5 2. Nf3 Nc6 3. Bb5 Qb6 4. Nc3 e6 5. Bxc6 Qxc6 6. d4 cxd4 7. Nxd4 Qc7 8. 0-0 a6 9. Re1 d6 10. Bg5 Be7 11. Qd2 Nf6 12. Nf5 exf5 13. exf5 0-0 14. Rxe7 Qxe7 15. Re1 Qxe1+ 16. Qxe1 Re8 17. Qd2 Ne4 18. Nxe4 Rxe4 19. f3 Re8 20. f6 Bf5 21. g4 Bg6 22. Bh6 Rac8 23. c3 gxf6 24. f4 Rc4 25. h3 Bb1 26. Qxd6 Rc6 27. Qd7 Rec8 28. Kh2 Bxa2 29. Qd4 Bb1 30. g5 Re8 31. gxf6 Rce6 32. Qg1+ Bg6 33. f5 Re2+ 34. Kg3 Bxf5 35. Kf3+ Bg6 36. Bf4 Kh8 37. Qg5 Rxb2 38. Qh6 Rg8 39. Bd6 Rb5 40. Ke2 Rh5 41. Qe3 Bf5 42. Qe7 Be6 43. Qxb7 Rxh3 44. Qb4 Rh5 45. Bf8 Rh2+ 46. Kf3 Bd5+ 47. Ke3 Rh3+ 48. Kd4 Rg4+ 49. Kxd5 Rxb4 50. Bxb4 a5 0-1

[Event "FRA-chT1B 0809"]
[Site "France"]
[Date "2009.04.05"]
[Round "11.5"]
[White "Platel, Alexandre"]
[Black "Le Roux, Jean Pierre"]
[Result "0-1"]
[WhiteElo "2202"]
[BlackElo "2496"]
[PlyCount "74"]
[EventDate "2008.10.19"]
[EventType "team-tourn"]
[EventRounds "11"]
[EventCountry "FRA"]
[SourceTitle "EXT 2010"]
[Source "ChessBase"]
[SourceDate "2010.11.25"]
[SourceVersion "1"]
[SourceVersionDate "2010.11.25"]
[SourceQuality "1"]
[WhiteTeam "Cappelle la Grande"]
[BlackTeam "Guingamp"]
[WhiteTeamCountry "FRA"]
[BlackTeamCountry "FRA"]

1. e4 c5 2. Nf3 d6 3. Bb5+ Nc6 4. 0-0 Bd7 5. Re1 a6 6. Bf1 Bg4 7. h3 Bxf3 8. Qxf3 g6 9. c3 Bg7 10. d3 Nf6 11. Qg3 0-0 12. f4 b5 13. Be3 b4 14. Qf3 bxc3 15. bxc3 Nd7 16. Rc1 Qc7 17. Nd2 Rfc8 18. Qf2 Nb6 19. a4 Na5 20. Be2 Rab8 21. Bg4 e6 22. f5 exf5 23. exf5 Re8 24. fxg6 hxg6 25. Bf3 Qd7 26. Bg4 Qc7 27. Bf3 Nd7 28. Bd5 Nf6 29. Ba2 Rb2 30. Bg5 Nh7 31. Bf4 c4 32. dxc4 Nf6 33. Qf3 Qc5+ 34. Kh1 g5 35. Rcb1 Rxb1+ 36. Rxb1 gxf4 37. Rf1 Bh6 0-1

[Event "FRA-chT1B 0809"]
[Site "France"]
[Date "2009.03.15"]
[Round "9.6"]
[White "Bacon, Nicolas"]
[Black "Platel, Alexandre"]
[Result "1-0"]
[WhiteElo "2222"]
[BlackElo "2202"]
[PlyCount "55"]
[EventDate "2008.10.19"]
[EventType "team-tourn"]
[EventRounds "11"]
[EventCountry "FRA"]
[SourceTitle "EXT 2010"]
[Source "ChessBase"]
[SourceDate "2010.11.25"]
[SourceVersion "1"]
[SourceVersionDate "2010.11.25"]
[SourceQuality "1"]
[WhiteTeam "Gonfreville"]
[BlackTeam "Cappelle la Grande"]
[WhiteTeamCountry "FRA"]
[BlackTeamCountry "FRA"]

1. e4 c5 2. Nf3 e6 3. d4 cxd4 4. Nxd4 a6 5. Nc3 Qc7 6. Be2 b5 7. 0-0 Bb7 8. Re1 Nc6 9. Be3 Nf6 10. Nxc6 Bxc6 11. Bf3 d6 12. Nd5 Bxd5 13. exd5 e5 14. a4 b4 15. c3 Rb8 16. a5 bxc3 17. Bb6 c2 18. Qd3 Qb7 19. Qxc2 Be7 20. Qa4+ Qd7 21. Qc4 Ra8 22. Bd1 0-0 23. Ba4 Qg4 24. Qxg4 Nxg4 25. Bc6 Rab8 26. b4 Bd8 27. Bxd8 Rfxd8 28. b5 1-0

[Event "FRA-chT1B 0809"]
[Site "France"]
[Date "2009.02.07"]
[Round "6.5"]
[White "Platel, Alexandre"]
[Black "Do, Huu Thi"]
[Result "1-0"]
[WhiteElo "2202"]
[BlackElo "2178"]
[PlyCount "79"]
[EventDate "2008.10.19"]
[EventType "team-tourn"]
[EventRounds "11"]
[EventCountry "FRA"]
[SourceTitle "EXT 2010"]
[Source "ChessBase"]
[SourceDate "2010.11.25"]
[SourceVersion "1"]
[SourceVersionDate "2010.11.25"]
[SourceQuality "1"]
[WhiteTeam "Cappelle la Grande"]
[BlackTeam "Niort"]
[WhiteTeamCountry "FRA"]
[BlackTeamCountry "FRA"]

1. e4 c5 2. Nf3 e6 3. c3 a6 4. d4 d5 5. exd5 exd5 6. Be3 c4 7. b3 cxb3 8. axb3 Nc6 9. Be2 Bd6 10. 0-0 Nge7 11. c4 0-0 12. Nc3 Bf5 13. Bd3 dxc4 14. bxc4 Rc8 15. Rb1 Qa5 16. Ne4 Qc7 17. Nxd6 Qxd6 18. Rxb7 a5 19. Rb5 Bxd3 20. Qxd3 Ra8 21. Ng5 Ng6 22. Ne4 Qe7 23. d5 Nce5 24. Qe2 h6 25. f4 Nd7 26. Bd2 Rfe8 27. Re1 f5 28. Ng3 Qf6 29. Qf2 a4 30. Ne2 Re4 31. c5 Qa6 32. Nc3 Rc4 33. Re6 Qxe6 34. dxe6 Nf6 35. Qe2 Rd4 36. g3 a3 37. Be3 Rdd8 38. c6 Ne4 39. Na2 Ne7 40. c7 1-0

[Event "Le Touquet op-A"]
[Site "Le Touquet"]
[Date "2008.10.26"]
[Round "2"]
[White "Gormally, Daniel"]
[Black "Platel, Alexandre"]
[Result "1-0"]
[WhiteElo "2514"]
[BlackElo "2202"]
[PlyCount "51"]
[EventDate "2008.10.25"]
[EventType "swiss"]
[EventRounds "9"]
[EventCountry "FRA"]
[SourceTitle "EXT 2009"]
[Source "ChessBase"]
[SourceDate "2008.11.26"]
[SourceVersion "1"]
[SourceVersionDate "2008.11.26"]
[SourceQuality "1"]

1. e4 c5 2. Nc3 e6 3. Nf3 a6 4. d4 cxd4 5. Nxd4 Qc7 6. Bd3 Nc6 7. Be3 Nf6 8. 0-0 Ne5 9. h3 b5 10. f4 Nc4 11. Bxc4 Qxc4 12. Qd3 Bb7 13. a4 Qxd3 14. cxd3 b4 15. Nce2 Bc5 16. Rfc1 Rc8 17. Rxc5 Rxc5 18. Nxe6 Rc2 19. N2d4 Rxb2 20. Nxg7+ Kf8 21. Bc1 Rxg2+ 22. Kxg2 Kxg7 23. Bb2 d5 24. Nf5+ Kg6 25. Ne7+ Kg7 26. Kf2 1-0

[Event "FRA-ch op-A"]
[Site "Pau"]
[Date "2008.08.17"]
[Round "6"]
[White "Ider, Borya"]
[Black "Platel, Alexandre"]
[Result "1/2-1/2"]
[WhiteElo "2065"]
[BlackElo "2190"]
[PlyCount "67"]
[EventDate "2008.08.11"]
[EventType "swiss"]
[EventRounds "9"]
[EventCountry "FRA"]
[SourceTitle "CBM 126 Extra"]
[Source "ChessBase"]
[SourceDate "2008.11.05"]
[SourceVersion "1"]
[SourceVersionDate "2008.11.05"]
[SourceQuality "1"]

1. d4 Nf6 2. Nf3 g6 3. g3 Bg7 4. Bg2 0-0 5. 0-0 d5 6. c4 c6 7. cxd5 Nxd5 8. e4 Nb6 9. h3 N8d7 10. Nc3 e5 11. d5 cxd5 12. exd5 h6 13. Be3 Kh7 14. a4 f5 15. Qb3 e4 16. Nd4 Nc5 17. Qb5 Nd3 18. a5 Bd7 19. Qb3 Nc8 20. a6 bxa6 21. Ne6 Bxe6 22. dxe6 Nd6 23. Rxa6 Rb8 24. Qd5 Nc8 25. Qd7 Qxd7 26. exd7 Nb6 27. Rxa7 Nc4 28. Nd5 Rbd8 29. b3 Nxe3 30. fxe3 Nc5 31. Nb6 Be5 32. Rd1 Bb8 33. Ra5 Nd3 34. Rd5 1/2-1/2